<?xml version="1.0" encoding="UTF-8"?>
<record
    xmlns:xsi="http://www.w3.org/2001/XMLSchema-instance"
    xsi:schemaLocation="http://www.loc.gov/MARC21/slim http://www.loc.gov/standards/marcxml/schema/MARC21slim.xsd"
    xmlns="http://www.loc.gov/MARC21/slim">

  <leader>00880nam a22002297a 4500</leader>
  <controlfield tag="008">240610b        mp ||||| |||| 00| 0 mon d</controlfield>
  <datafield tag="020" ind1=" " ind2=" ">
    <subfield code="a">978-99973-72-50-5</subfield>
  </datafield>
  <datafield tag="035" ind1=" " ind2=" ">
    <subfield code="a">20190</subfield>
  </datafield>
  <datafield tag="040" ind1=" " ind2=" ">
    <subfield code="a">UVS1285160</subfield>
    <subfield code="b">mon</subfield>
    <subfield code="c">MN-UlNLM</subfield>
    <subfield code="d">MN-UlNLM</subfield>
    <subfield code="e">rda</subfield>
  </datafield>
  <datafield tag="041" ind1=" " ind2=" ">
    <subfield code="a">mon</subfield>
  </datafield>
  <datafield tag="042" ind1=" " ind2=" ">
    <subfield code="a">67874</subfield>
  </datafield>
  <datafield tag="084" ind1=" " ind2=" ">
    <subfield code="2">NNA</subfield>
    <subfield code="a">84(7&#x41A;&#x43E;&#x43B;)-44</subfield>
    <subfield code="b">&#x41C;.263</subfield>
  </datafield>
  <datafield tag="100" ind1=" " ind2=" ">
    <subfield code="a">&#x41C;&#x430;&#x440;&#x43A;&#x435;&#x441; &#x413;.</subfield>
  </datafield>
  <datafield tag="245" ind1=" " ind2="0">
    <subfield code="a">&#x417;&#x443;&#x443;&#x43D; &#x436;&#x438;&#x43B;&#x438;&#x439;&#x43D; &#x433;&#x430;&#x43D;&#x446;&#x430;&#x430;&#x440;&#x434;&#x430;&#x43B;</subfield>
  </datafield>
  <datafield tag="264" ind1=" " ind2=" ">
    <subfield code="a">&#x423;&#x43B;&#x430;&#x430;&#x43D;&#x431;&#x430;&#x430;&#x442;&#x430;&#x440;</subfield>
    <subfield code="b">&#x416;&#x438;&#x43A;&#x43E;&#x43C; &#x43F;&#x440;&#x435;&#x441;&#x441;</subfield>
    <subfield code="c">2016</subfield>
  </datafield>
  <datafield tag="300" ind1=" " ind2=" ">
    <subfield code="a">389&#x445;.</subfield>
  </datafield>
  <datafield tag="336" ind1=" " ind2=" ">
    <subfield code="2">rdacontent</subfield>
    <subfield code="a">text</subfield>
    <subfield code="b">txt</subfield>
  </datafield>
  <datafield tag="337" ind1=" " ind2=" ">
    <subfield code="2">rdamedia</subfield>
    <subfield code="a">unmediated</subfield>
    <subfield code="b">n</subfield>
  </datafield>
  <datafield tag="338" ind1=" " ind2=" ">
    <subfield code="2">rdacarrier</subfield>
    <subfield code="a">volume</subfield>
    <subfield code="b">nc</subfield>
  </datafield>
  <datafield tag="650" ind1=" " ind2=" ">
    <subfield code="a">20- &#x440; &#x437;&#x443;&#x443;&#x43D;&#x44B; &#x430;&#x443;&#x433;&#x430;&#x430; &#x438;&#x445; &#x437;&#x43E;&#x445;&#x438;&#x43E;&#x43B;&#x44B;&#x43D; &#x43D;&#x44D;&#x433; &#x431;&#x43E;&#x43B;&#x43E;&#x445; &#x417;&#x443;&#x443;&#x43D; &#x436;&#x438;&#x43B;&#x438;&#x439;&#x43D; &#x433;&#x430;&#x43D;&#x446;&#x430;&#x430;&#x440;&#x434;&#x430;&#x43B; &#x43D;&#x43E;&#x43C; &#x43D;&#x44C; &#x43C;&#x430;&#x448; &#x43E;&#x43B;&#x43E;&#x43D; &#x445;&#x44D;&#x43B; &#x434;&#x44D;&#x44D;&#x440; &#x43E;&#x440;&#x447;&#x443;&#x443;&#x43B;&#x430;&#x433;&#x434;&#x430;&#x43D; &#x433;&#x430;&#x440;&#x441;&#x430;&#x43D; &#x431;&#x4E9;&#x433;&#x4E9;&#x4E9;&#x434; 1982 &#x43E;&#x43D;&#x434; &#x41D;&#x43E;&#x431;&#x435;&#x43B;...</subfield>
  </datafield>
  <datafield tag="942" ind1=" " ind2=" ">
    <subfield code="2">NNA</subfield>
    <subfield code="c">BK</subfield>
  </datafield>
  <datafield tag="952" ind1=" " ind2=" ">
    <subfield code="0">0</subfield>
    <subfield code="1">0</subfield>
    <subfield code="4">0</subfield>
    <subfield code="6">847&#x41A;&#x41E;&#x41B;44_&#x41C;263</subfield>
    <subfield code="7">0</subfield>
    <subfield code="8">UVS13</subfield>
    <subfield code="a">UVS1285160</subfield>
    <subfield code="b">UVS1285160</subfield>
    <subfield code="c">UVS13</subfield>
    <subfield code="d">2024-06-23</subfield>
    <subfield code="g">18000.00</subfield>
    <subfield code="l">0</subfield>
    <subfield code="o">84(7&#x41A;&#x43E;&#x43B;)-44  &#x41C;.263</subfield>
    <subfield code="p">UVS1220190-11-1</subfield>
    <subfield code="r">2024-06-23</subfield>
    <subfield code="t">1074</subfield>
    <subfield code="y">BK</subfield>
  </datafield>
  <datafield tag="952" ind1=" " ind2=" ">
    <subfield code="0">0</subfield>
    <subfield code="1">0</subfield>
    <subfield code="4">0</subfield>
    <subfield code="6">847&#x41A;&#x41E;&#x41B;44_&#x41C;263</subfield>
    <subfield code="7">0</subfield>
    <subfield code="8">UVS13</subfield>
    <subfield code="a">UVS1285160</subfield>
    <subfield code="b">UVS1285160</subfield>
    <subfield code="c">UVS13</subfield>
    <subfield code="d">2024-06-23</subfield>
    <subfield code="g">18000.00</subfield>
    <subfield code="l">0</subfield>
    <subfield code="o">84(7&#x41A;&#x43E;&#x43B;)-44  &#x41C;.263</subfield>
    <subfield code="p">UVS1220190-11-2</subfield>
    <subfield code="r">2024-06-23</subfield>
    <subfield code="t">1075</subfield>
    <subfield code="y">BK</subfield>
  </datafield>
  <datafield tag="999" ind1=" " ind2=" ">
    <subfield code="c">945333</subfield>
    <subfield code="d">945390</subfield>
  </datafield>
</record>
